banner koha

Relatório de atividades 1971 / (Registro n. 261413)

MARC details
000 -LÍDER
Campo de controle fixo 00806nac a22002417a 4500
001 - NÚMERO DE CONTROLE
Número de controle BR6001837
003 - CÓDIGO MARC DA AGÊNCIA CATALOGADORA
Campo de controle BR-BrBNA
005 - DATA E HORA DA ÚLTIMA ATUALIZAÇÃO
Campo de controle 20240522160304.0
008 - CAMPO DE TAMANHO FIXO
Campo fixo de controle 230509b bl.|||m| |||| 00| 0 por d
040 ## - FONTE DA CATALOGAÇÃO
Agência catalogadora BR-BrBNA
Idioma da catalogação por
072 ## - CATEGORIA AGRIS
Código da categoria de assunto/objeto <a href="C00; E50">C00; E50</a>
090 ## - NÚMERO DE CHAMADA
Localização na estante C00
Código BR BR6001837
110 1# - ENTRADA PRINCIPAL - ENTIDADE
Nome da entidade ou lugar Associacao de Credito e Assistencia Rural do Estado do Rio de Janeiro, Niteroi (Brasil)
9 (RLIN) 497
245 1# - TÍTULO PRINCIPAL
Título principal Relatório de atividades 1971 /
260 3# - IMPRENTA (PUBLICAÇÃO, DISTRIBUIÇÃO, ETC.)
Lugar de publicação, distribuição, etc. Niteroi, RJ (Brasil):
Data de publicação, distribuição, etc [nd].
300 ## - DESCRIÇÃO FÍSICA
Extensão 63 p.
490 ## - INDICAÇÃO DE SÉRIE
Título da série Relatorio - Associacao de Credito e Assistencia Rural do Estado do Rio de Janeiro (Brazil)
500 ## - NOTA GERAL
Notas gerais 25 illus.; Published after 1971
650 ## - ASSUNTO - THESAGRO
Cabeçalho tópico ou nome geográfico ASSISTENCIA TECNICA
650 ## - ASSUNTO - THESAGRO
Cabeçalho tópico ou nome geográfico RIO DE JANEIRO
909 ## - IDENTIFICAÇÃO DO CATALOGADOR
Ano e mês da catalogação (aaaamm) 05/2024
Identificação do catalogador SARAH
942 ## - TIPO ESPECÍFICO
Tipo de material Monografia Seriada
952 ## - LOCATION AND ITEM INFORMATION (KOHA)
-- 2023-12-18
--
-- Portaria Interministerial nº 164/94
--
--
--
--
--
Exemplares
Status de empréstimo Fonte de classificação Status de danificação Não pode ser emprestado Código da coleção Localização permanente Localização atual Localização na estante Total Checkouts Número de chamada Código de barras Tipo de material Perdido
  Classificação AGRIS     Agrobase Biblioteca Nacional de Agricultura - Binagri Biblioteca Nacional de Agricultura - Binagri Agrobase - Acervo Geral   C00 BR6001837 2024-1716 Livros  

BINAGRI

Telefone: (61)3218-2567/2388/3357/2097 - binagri@agro.gov.br

Ministério da Agricultura e Pecuária , Esplanada dos Ministérios, Bloco D, Anexo B, Brasília/DF, CEP: 70.043-900